[Event "6MCR_4D_1L_3S"]
[Site "?"]
[Date "2004.??.??"]
[Round "?"]
[White "Skalicky, Frantisek"]
[Black "Kuta, Miroslav"]
[Result "1/2-1/2"]
[WhiteElo "2278"]
[BlackElo "2223"]
[PlyCount "98"]
[EventDate "2004.??.??"]
[EventType "corr"]
[SourceDate "2004.06.03"]

1. e4 c6 2. d4 d5 3. e5 Bf5 4. Nf3 e6 5. Be2 c5 6. O-O Nc6 7. c3 cxd4 8. cxd4
Nge7 9. a3 Nc8 10. b4 Be7 11. Be3 Nb6 12. Bd3 Bxd3 13. Qxd3 Nc4 14. b5 N6a5 15.
Bd2 O-O 16. Ra2 a6 17. a4 Qd7 18. Bxa5 Nxa5 19. Nc3 axb5 20. Nxb5 Rfc8 21. Rb1
Qc6 22. Nd2 Nc4 23. f4 Ra6 24. Nxc4 Qxc4 25. Qxc4 Rxc4 26. a5 g6 27. g3 Kg7 28.
Kf1 Rb4 29. Rxb4 Bxb4 30. Rb2 Bxa5 31. Ke2 Rb6 32. h3 f6 33. Rb3 f5 34. Rb1 Kf8
35. Rb3 Ke7 36. Ke3 Kd7 37. Ke2 Rc6 38. Nd6 b6 39. Kd1 Rc3 40. Rxc3 Bxc3 41.
Nb5 Bb4 42. h4 h6 43. Ke2 Be7 44. Ke3 Kc6 45. Na7+ Kb7 46. Nb5 Bd8 47. Kd3 Bc7
48. Kc2 Bb8 49. Kb3 Kc6 1/2-1/2

[Event "6MCR_4D_1L_3S"]
[Site "?"]
[Date "2004.??.??"]
[Round "?"]
[White "Skalicky, Frantisek"]
[Black "Musil, Martin"]
[Result "1-0"]
[WhiteElo "2278"]
[BlackElo "2123"]
[PlyCount "91"]
[EventDate "2004.??.??"]
[EventType "corr"]
[SourceDate "2004.06.03"]

1. e4 e6 2. d4 d5 3. Nc3 Bb4 4. e5 c5 5. a3 Bxc3+ 6. bxc3 Ne7 7. Nf3 Bd7 8. a4
Qa5 9. Bd2 Nbc6 10. Be2 c4 11. Ng5 h6 12. Nh3 Ng6 13. Bh5 Nce7 14. O-O Bxa4 15.
f4 Qb5 16. f5 exf5 17. e6 O-O 18. Bxg6 fxg6 19. Qc1 Rae8 20. Bxh6 Rf6 21. Bf4
Rxe6 22. Ng5 Re2 23. Rf2 Nc6 24. Rxe2 Rxe2 25. Ra2 Re8 26. Qa1 Bb3 27. Rb2 Qa5
28. Qxa5 Nxa5 29. cxb3 cxb3 30. Rb1 Rc8 31. Nf3 b5 32. Bd2 Rc4 33. Kf1 Ra4 34.
Bf4 Rc4 35. Ke2 a6 36. Kd3 Ra4 37. Nd2 Ra2 38. h4 Ra3 39. g3 Kf7 40. Bc7 Nc4
41. Rxb3 Ra2 42. Bf4 Nb2+ 43. Ke2 Nc4 44. Kd1 Ke6 45. Nf3 Na5 46. Rb1 1-0

[Event "6MCR_4D_1L_3S"]
[Site "?"]
[Date "2004.??.??"]
[Round "?"]
[White "Skalicky, Frantisek"]
[Black "Polak, Petr"]
[Result "1/2-1/2"]
[WhiteElo "2278"]
[BlackElo "2142"]
[PlyCount "94"]
[EventDate "2004.??.??"]
[EventType "corr"]
[SourceDate "2004.06.03"]

1. e4 c5 2. Nf3 d6 3. d4 cxd4 4. Nxd4 Nf6 5. Nc3 a6 6. Bg5 e6 7. f4 Qb6 8. Qd2
Qxb2 9. Rb1 Qa3 10. Be2 Nbd7 11. O-O Qc5 12. Kh1 Be7 13. f5 e5 14. Ne6 fxe6 15.
fxe6 Nb6 16. Bxf6 gxf6 17. Bh5+ Kd8 18. Bf7 Nc4 19. Qh6 Ne3 20. Na4 Qd4 21. Nb6
Qxe4 22. Qg7 Rf8 23. Rfe1 Qf4 24. Nxa8 b5 25. Qg3 Qxg3 26. hxg3 Nc4 27. a4 Bb7
28. axb5 Bxa8 29. bxa6 Kc7 30. Rb3 Rb8 31. Reb1 Rb6 32. Be8 d5 33. Rxb6 Nxb6
34. c3 Bc5 35. Rb5 Kd6 36. a7 Be3 37. Bf7 Bc6 38. Rb1 f5 39. Be8 Ba8 40. Bf7
Ke7 41. Kh2 Bc6 42. Re1 Nc4 43. Ra1 Ba8 44. Rb1 Bb6 45. Bh5 Bc6 46. Ra1 Na5 47.
g4 Kxe6 1/2-1/2

[Event "6MCR_4D_1L_3S"]
[Site "?"]
[Date "2004.??.??"]
[Round "?"]
[White "Skalicky, Frantisek"]
[Black "Prchly, Milos"]
[Result "0-1"]
[WhiteElo "2278"]
[BlackElo "2268"]
[PlyCount "72"]
[EventDate "2004.??.??"]
[EventType "corr"]
[SourceDate "2004.06.03"]

1. e4 c5 2. Nf3 d6 3. d4 cxd4 4. Nxd4 Nf6 5. Nc3 g6 6. Be3 Bg7 7. f3 O-O 8. Qd2
Nc6 9. Bc4 Bd7 10. O-O-O Rc8 11. Bb3 Ne5 12. h4 h5 13. Bg5 Rc5 14. Kb1 b5 15.
g4 a5 16. gxh5 Nxh5 17. Nd5 Re8 18. a3 Nc4 19. Qd3 Be6 20. Ne3 Qc8 21. Ba2 Rxg5
22. hxg5 Nf4 23. Qc3 Ne2 24. Nxe2 Bxc3 25. Bxc4 Bxc4 26. Nxc3 Kg7 27. Ncd5 Be2
28. Rd2 Bxf3 29. Rh6 Rh8 30. Nxe7 Qe8 31. N3d5 Rxh6 32. gxh6+ Kh8 33. Rd4 g5
34. a4 g4 35. Rd3 b4 36. Re3 Qd7 0-1

[Event "6MCR_4D_1L_4S"]
[Site "?"]
[Date "2004.??.??"]
[Round "?"]
[White "Alexa, Jaroslav"]
[Black "Cakl, Zdenek"]
[Result "1-0"]
[WhiteElo "2341"]
[BlackElo "2139"]
[PlyCount "129"]
[EventDate "2004.??.??"]
[EventType "corr"]
[SourceDate "2004.06.03"]

1. d4 d5 2. c4 e6 3. Nc3 f5 4. Bf4 Nf6 5. e3 Bd6 6. Bxd6 Qxd6 7. Nf3 O-O 8. Bd3
c6 9. O-O Ne4 10. Qb3 Kh8 11. a4 a5 12. Ne2 Nd7 13. Rac1 b6 14. Nf4 Rb8 15. Qa3
c5 16. Rfd1 g5 17. Bxe4 gxf4 18. Qc3 Nf6 19. Bb1 fxe3 20. Qxe3 dxc4 21. Ne5 Ng4
22. Nxg4 fxg4 23. dxc5 Qxc5 24. Rd4 e5 25. Qh6 Rb7 26. Rcxc4 Qe7 27. Rd2 Qg7
28. Qe3 Qf6 29. Qc3 Be6 30. Rc6 Rd7 31. Bc2 Qf4 32. Re2 Bd5 33. Rc8 Rdf7 34.
Rxf8+ Rxf8 35. g3 Qf6 36. Qxe5 Bf3 37. Qxf6+ Rxf6 38. Re8+ Kg7 39. Re7+ Kf8 40.
Re1 h5 41. Bd1 Bc6 42. Bb3 Rf5 43. Rc1 Rf6 44. Rc3 Ke7 45. Re3+ Kf8 46. Bc2 Rd6
47. b3 Rd2 48. Be4 Bxe4 49. Rxe4 Rb2 50. h3 Rxb3 51. hxg4 Rb4 52. Rf4+ Rxf4 53.
gxf4 hxg4 54. Kg2 Ke7 55. Kg3 b5 56. axb5 a4 57. b6 Kd6 58. b7 Kc7 59. f5 a3
60. b8=Q+ Kxb8 61. f6 a2 62. f7 a1=Q 63. f8=Q+ Kc7 64. Kxg4 Qd1+ 65. Kg5 1-0

[Event "6MCR_4D_1L_4S"]
[Site "?"]
[Date "2004.??.??"]
[Round "?"]
[White "Alexa, Jaroslav"]
[Black "Glaser, Karel"]
[Result "1/2-1/2"]
[WhiteElo "2341"]
[BlackElo "2104"]
[PlyCount "31"]
[EventDate "2004.??.??"]
[EventType "corr"]
[SourceDate "2004.06.03"]

1. d4 Nf6 2. c4 e6 3. Nc3 Bb4 4. Qc2 d5 5. cxd5 exd5 6. Bg5 c5 7. dxc5 h6 8.
Bxf6 Qxf6 9. e3 O-O 10. Nge2 Na6 11. Nd4 Nxc5 12. Be2 Bxc3+ 13. bxc3 Bd7 14.
O-O Rac8 15. Bf3 Qe5 16. c4 1/2-1/2

[Event "6MCR_4D_1L_4S"]
[Site "?"]
[Date "2004.??.??"]
[Round "?"]
[White "Alexa, Jaroslav"]
[Black "Markytan, Vladislav"]
[Result "0-1"]
[WhiteElo "2341"]
[BlackElo "1900"]
[PlyCount "90"]
[EventDate "2004.??.??"]
[EventType "corr"]
[SourceDate "2004.06.03"]

1. d4 e6 2. c4 Nf6 3. Nc3 Bb4 4. Qc2 O-O 5. a3 Bxc3+ 6. Qxc3 d5 7. Nf3 Ne4 8.
Qc2 Nd7 9. e3 c5 10. Bd3 f5 11. O-O b6 12. b4 Bb7 13. Bb2 Rc8 14. dxc5 bxc5 15.
Rfd1 Nd6 16. Qe2 Qe7 17. Ne5 Rfd8 18. cxd5 Nxe5 19. Bxe5 Bxd5 20. Rdc1 c4 21.
Bc2 Nf7 22. Bc3 Nd6 23. f3 e5 24. a4 e4 25. f4 Ne8 26. b5 Nc7 27. Rd1 Be6 28.
Rxd8+ Rxd8 29. Be5 Nd5 30. Rd1 Rc8 31. g4 Qf7 32. gxf5 Bxf5 33. Qd2 Rd8 34. Qe1
h6 35. Rd4 Kh7 36. Kh1 Rc8 37. Rd1 c3 38. Rb1 Qe7 39. Bb3 Nb4 40. Qg3 Nd3 41.
Bc2 Rd8 42. Bb3 Rd7 43. Rf1 Qa3 44. Rb1 Bg4 45. Kg1 Bf3 0-1

[Event "6MCR_4D_1L_4S"]
[Site "?"]
[Date "2004.??.??"]
[Round "?"]
[White "Alexa, Jaroslav"]
[Black "Martinec, Tomas"]
[Result "1/2-1/2"]
[WhiteElo "2341"]
[BlackElo "1800"]
[PlyCount "56"]
[EventDate "2004.??.??"]
[EventType "corr"]
[SourceDate "2004.06.03"]

1. d4 d5 2. c4 c6 3. Nf3 Nf6 4. Nc3 e6 5. Bg5 dxc4 6. e4 b5 7. e5 h6 8. Bh4 g5
9. Nxg5 hxg5 10. Bxg5 Nbd7 11. g3 Bb7 12. Bg2 Qb6 13. exf6 O-O-O 14. O-O c5 15.
d5 b4 16. Na4 Qb5 17. a3 exd5 18. axb4 cxb4 19. Be3 Nc5 20. Qg4+ Rd7 21. Nxc5
Bxc5 22. Qg7 Rhd8 23. Bxc5 Qxc5 24. Bh3 Kc7 25. Bxd7 Rxd7 26. Rfe1 d4 27. Re7
Qd5 28. f3 Qxf3 1/2-1/2

[Event "6MCR_4D_1L_4S"]
[Site "?"]
[Date "2004.??.??"]
[Round "?"]
[White "Alexa, Jaroslav"]
[Black "Sochor, Frantisek"]
[Result "1/2-1/2"]
[WhiteElo "2341"]
[BlackElo "2278"]
[PlyCount "84"]
[EventDate "2004.??.??"]
[EventType "corr"]
[SourceDate "2004.06.03"]

1. d4 Nf6 2. c4 g6 3. Nc3 Bg7 4. e4 d6 5. f3 O-O 6. Be3 e5 7. d5 Nh5 8. Nge2 f5
9. exf5 gxf5 10. Qd2 a5 11. O-O-O a4 12. Ng3 Nf6 13. Bg5 Qe8 14. Bd3 Qg6 15.
Kb1 Na6 16. Nb5 Ne8 17. Na3 Bd7 18. Ne2 Nc5 19. Bc2 h6 20. Be3 Qxg2 21. Rdf1 f4
22. Bxc5 dxc5 23. Qe1 Qh3 24. Rhg1 c6 25. Nc3 Kh8 26. Qe2 Bf5 27. Rd1 cxd5 28.
Rxd5 e4 29. Nxe4 Nc7 30. Nf2 Qh5 31. Rxf5 Rxf5 32. Bxf5 Qxf5+ 33. Qe4 Rf8 34.
Rd1 Bd4 35. Qxf5 Rxf5 36. Nd3 Ne6 37. Re1 Ng5 38. Rf1 Be3 39. Nc2 Kg8 40. b3
axb3 41. axb3 Kf7 42. Kb2 Kf6 1/2-1/2

[Event "6MCR_4D_1L_4S"]
[Site "?"]
[Date "2004.??.??"]
[Round "?"]
[White "Alexa, Jaroslav"]
[Black "Tejkal, Jiri"]
[Result "1-0"]
[WhiteElo "2341"]
[BlackElo "2200"]
[PlyCount "101"]
[EventDate "2004.??.??"]
[EventType "corr"]
[SourceDate "2004.06.03"]

1. d4 Nf6 2. c4 g6 3. Nc3 Bg7 4. e4 d6 5. f3 O-O 6. Be3 Nc6 7. Nge2 a6 8. Qd2
Rb8 9. Nc1 e5 10. d5 Nd4 11. Nb3 Nxb3 12. axb3 c5 13. g4 h5 14. h3 Nh7 15. gxh5
Qh4+ 16. Qf2 Qxf2+ 17. Kxf2 gxh5 18. Bd3 h4 19. Ke2 Kh8 20. b4 b6 21. b5 a5 22.
Rag1 Rg8 23. Kd2 Bd7 24. Na4 Bf6 25. Rxg8+ Kxg8 26. Rg1+ Kh8 27. f4 exf4 28.
Bxf4 Be5 29. Bxe5+ dxe5 30. Ke3 Bxh3 31. Bf1 Bd7 32. Rh1 Nf6 33. Rxh4+ Kg7 34.
Bh3 Kg6 35. Bxd7 Nxd7 36. Rh1 Rg8 37. Rg1+ Kh7 38. Rxg8 Kxg8 39. Nc3 Kg7 40.
Kf3 Kg6 41. Nd1 Kg5 42. Ne3 Kg6 43. Nf5 Kg5 44. Kg3 Kg6 45. Kh4 a4 46. Ne7+ Kf6
47. Nc8 Kg6 48. Kg4 Nf6+ 49. Kh3 Nd7 50. Kh4 Kh6 51. Ne7 1-0

[Event "6MCR_4D_1L_4S"]
[Site "?"]
[Date "2004.??.??"]
[Round "?"]
[White "Cakl, Zdenek"]
[Black "Glaser, Karel"]
[Result "1/2-1/2"]
[WhiteElo "2139"]
[BlackElo "2104"]
[PlyCount "53"]
[EventDate "2004.??.??"]
[EventType "corr"]
[SourceDate "2004.06.03"]

1. e4 e5 2. Nf3 Nc6 3. d4 exd4 4. Nxd4 Nf6 5. Nxc6 bxc6 6. Bd3 d5 7. Nd2 Bc5 8.
O-O O-O 9. c4 Re8 10. exd5 cxd5 11. Nb3 dxc4 12. Bxh7+ Nxh7 13. Nxc5 Qd6 14.
Be3 Nf6 15. Qf3 Bg4 16. Qf4 Qxf4 17. Bxf4 Rab8 18. f3 Bf5 19. Rf2 Nd5 20. Bg3
Rb5 21. Na6 Rc8 22. Rd2 Bd3 23. Rc1 Ra5 24. Nxc7 Nxc7 25. Bxc7 Rxa2 26. Be5 Re8
27. Bc3 1/2-1/2

[Event "6MCR_4D_1L_4S"]
[Site "?"]
[Date "2004.??.??"]
[Round "?"]
[White "Cakl, Zdenek"]
[Black "Markytan, Vladislav"]
[Result "0-1"]
[WhiteElo "2139"]
[BlackElo "1900"]
[PlyCount "70"]
[EventDate "2004.??.??"]
[EventType "corr"]
[SourceDate "2004.06.03"]

1. e4 e6 2. d4 d5 3. Nd2 Nf6 4. e5 Nfd7 5. f4 c5 6. c3 cxd4 7. cxd4 Be7 8. Ngf3
Nc6 9. Bd3 a5 10. a4 Nb4 11. Bb5 Qc7 12. Rb1 O-O 13. O-O Nb6 14. b3 Bd7 15. Qe2
Bxb5 16. Qxb5 Nc8 17. Ba3 Na7 18. Qe2 b5 19. Bxb4 Bxb4 20. Rfc1 Qd7 21. Qd3
Rfc8 22. axb5 Nxb5 23. Nf1 Nc3 24. Ra1 Rc6 25. Ng3 Rac8 26. Rf1 g6 27. Qe3 Qe7
28. Ne1 Rb8 29. Rc1 Qc7 30. Nd3 h5 31. Rce1 h4 32. Nxb4 Rxb4 33. f5 exf5 34.
Ne2 Nxe2+ 35. Rxe2 Qb6 0-1

[Event "6MCR_4D_1L_4S"]
[Site "?"]
[Date "2004.??.??"]
[Round "?"]
[White "Cakl, Zdenek"]
[Black "Martinec, Tomas"]
[Result "1/2-1/2"]
[WhiteElo "2139"]
[BlackElo "1800"]
[PlyCount "65"]
[EventDate "2004.??.??"]
[EventType "corr"]
[SourceDate "2004.06.03"]

1. e4 d6 2. d4 Nf6 3. Nc3 g6 4. Bd3 Bg7 5. Nge2 O-O 6. f3 e5 7. d5 c6 8. Bg5
Nbd7 9. Qd2 Qc7 10. Bc4 Nb6 11. Bb3 cxd5 12. Bxf6 Bxf6 13. Nxd5 Nxd5 14. Bxd5
Be6 15. O-O-O Rac8 16. Nc3 Rfd8 17. Kb1 Qc5 18. Qd3 Rb8 19. h4 b5 20. Bb3 a5
21. h5 g5 22. Nd5 Bxd5 23. Bxd5 a4 24. g3 b4 25. Rhf1 a3 26. Qc4 Rd7 27. b3 Rc7
28. Rd2 Rd8 29. Rfd1 Kg7 30. Rh2 h6 31. Rhd2 Be7 32. Qxc5 dxc5 33. Rd3 1/2-1/2

[Event "6MCR_4D_1L_4S"]
[Site "?"]
[Date "2004.??.??"]
[Round "?"]
[White "Cakl, Zdenek"]
[Black "Nosek, Jaroslav"]
[Result "1/2-1/2"]
[WhiteElo "2139"]
[BlackElo "2266"]
[PlyCount "87"]
[EventDate "2004.??.??"]
[EventType "corr"]
[SourceDate "2004.06.03"]

1. Nf3 Nf6 2. b3 g6 3. Bb2 Bg7 4. e3 O-O 5. Be2 d5 6. O-O c5 7. d4 Ne4 8. c4
Nc6 9. Nc3 cxd4 10. Nxd4 Nxd4 11. exd4 Nxc3 12. Bxc3 Bf5 13. Rc1 Rc8 14. c5 Qc7
15. b4 Qf4 16. a4 Bh6 17. Ra1 Rfd8 18. a5 a6 19. b5 axb5 20. Bxb5 Bg7 21. Re1
Rxc5 22. dxc5 Bxc3 23. Rxe7 Bg4 24. Qa4 Qf6 25. Rxb7 Bxa1 26. Qxg4 Bd4 27. Qe2
Bxc5 28. g3 Rd6 29. Rc7 Bd4 30. Kg2 Kg7 31. a6 h5 32. h4 Rd8 33. Rb7 Rc8 34.
Re7 Bc5 35. Rd7 Rd8 36. Rxd8 Qxd8 37. Bc6 Qd6 38. Qb5 d4 39. Be4 Bb6 40. Qc6
Qxc6 41. Bxc6 Kf6 42. Bb5 Ke7 43. Kf3 f5 44. Bd3 1/2-1/2

[Event "6MCR_4D_1L_4S"]
[Site "?"]
[Date "2004.??.??"]
[Round "?"]
[White "Cakl, Zdenek"]
[Black "Sochor, Frantisek"]
[Result "0-1"]
[WhiteElo "2139"]
[BlackElo "2278"]
[PlyCount "140"]
[EventDate "2004.??.??"]
[EventType "corr"]
[SourceDate "2004.06.03"]

1. Nf3 c5 2. e4 d6 3. d4 cxd4 4. Nxd4 Nf6 5. Nc3 a6 6. g3 e5 7. Nde2 Be7 8. Bg2
O-O 9. O-O Nbd7 10. a4 b6 11. f3 Bb7 12. Be3 Qc7 13. Qd2 Rfd8 14. h3 d5 15.
exd5 Bb4 16. f4 e4 17. Bd4 Re8 18. Qe3 Nxd5 19. Nxd5 Bxd5 20. Nc3 Bb7 21. Rad1
Rad8 22. Kh2 f6 23. Rf2 Bf8 24. f5 Kh8 25. Re2 Nc5 26. Qf2 Qc8 27. b3 a5 28.
Red2 e3 29. Bxe3 Rxd2 30. Bxd2 Bxg2 31. Qxg2 Qxf5 32. Bf4 Ne6 33. Nd5 Bc5 34.
Re1 Kg8 35. Qe4 Qxe4 36. Rxe4 Kf7 37. Be3 Rd8 38. c4 Re8 39. Nxb6 Bxe3 40. Rxe3
Nc5 41. Rf3 Rb8 42. Rf5 Nxb3 43. Rb5 Nd4 44. Rb1 Re8 45. g4 Re2+ 46. Kg3 Re3+
47. Kg2 Rc3 48. Rd1 Ne6 49. Rd7+ Kg6 50. Ra7 Nf4+ 51. Kf1 Rc1+ 52. Kf2 Nxh3+
53. Ke2 Rg1 54. Rxa5 Rxg4 55. c5 Nf4+ 56. Kf3 h5 57. c6 Ne6 58. Rd5 Rf4+ 59.
Ke3 Rb4 60. a5 h4 61. Rd6 h3 62. Kf2 Rb1 63. Kg3 Ng5 64. Rd3 Rb2 65. Rd1 Rg2+
66. Kf4 h2 67. Rh1 Ne6+ 68. Ke3 Ra2 69. Nd5 Kf5 70. Nb4 Rb2 0-1

[Event "6MCR_4D_1L_4S"]
[Site "?"]
[Date "2004.??.??"]
[Round "?"]
[White "Cakl, Zdenek"]
[Black "Tejkal, Jiri"]
[Result "1/2-1/2"]
[WhiteElo "2139"]
[BlackElo "2200"]
[PlyCount "44"]
[EventDate "2004.??.??"]
[EventType "corr"]
[SourceDate "2004.06.03"]

1. e4 c5 2. Nf3 Nc6 3. d4 cxd4 4. Nxd4 Nf6 5. Nc3 d6 6. Bc4 e6 7. Be3 Be7 8.
O-O O-O 9. Kh1 a6 10. a3 Nxd4 11. Bxd4 b5 12. Bd3 e5 13. Be3 Be6 14. f4 Ng4 15.
Bg1 exf4 16. Rxf4 Ne5 17. Nd5 Bg5 18. Rf1 Bxd5 19. exd5 Nxd3 20. Qxd3 Bf6 21.
c3 Be5 22. Rf3 Qg5 1/2-1/2

[Event "6MCR_4D_1L_4S"]
[Site "?"]
[Date "2004.??.??"]
[Round "?"]
[White "Glaser, Karel"]
[Black "Markytan, Vladislav"]
[Result "1/2-1/2"]
[WhiteElo "2104"]
[BlackElo "1900"]
[PlyCount "76"]
[EventDate "2004.??.??"]
[EventType "corr"]
[SourceDate "2004.06.03"]

1. e4 e6 2. d4 d5 3. Nc3 Nf6 4. e5 Nfd7 5. f4 c5 6. Nf3 Nc6 7. Be3 a6 8. Qd2 b5
9. dxc5 Bxc5 10. Bxc5 Nxc5 11. Qf2 Qb6 12. Bd3 Rb8 13. O-O O-O 14. Ne2 f6 15.
Ned4 Nxd4 16. Qxd4 b4 17. Rfe1 Bd7 18. Re3 f5 19. Bf1 Bb5 20. Bxb5 Qxb5 21. a3
a5 22. axb4 axb4 23. Qd2 Qb6 24. Nd4 Rfc8 25. Ree1 Ne4 26. Qe3 h6 27. Red1 g5
28. g3 Rc4 29. Rd3 gxf4 30. gxf4 Rb7 31. Kh1 Rcc7 32. Rdd1 Kh7 33. Rg1 Ra7 34.
Rad1 Qa6 35. h3 Rg7 36. Rc1 Qb6 37. Kh2 Qa6 38. Qb3 Qb6 1/2-1/2

[Event "6MCR_4D_1L_4S"]
[Site "?"]
[Date "2004.??.??"]
[Round "?"]
[White "Glaser, Karel"]
[Black "Martinec, Tomas"]
[Result "1/2-1/2"]
[WhiteElo "2104"]
[BlackElo "1800"]
[PlyCount "64"]
[EventDate "2004.??.??"]
[EventType "corr"]
[SourceDate "2004.06.03"]

1. e4 d6 2. d4 Nf6 3. Nc3 g6 4. f4 Bg7 5. Nf3 O-O 6. Bd3 Na6 7. O-O c5 8. d5
Rb8 9. a3 Nc7 10. a4 b6 11. Qe1 a6 12. Rb1 b5 13. b4 c4 14. Be2 Bb7 15. Be3 e6
16. axb5 axb5 17. dxe6 fxe6 18. Nd4 Nxe4 19. Ncxb5 Nxb5 20. Nxb5 Bd5 21. Nd4
Qd7 22. Bf3 c3 23. b5 Bxd4 24. Bxe4 Rxb5 25. Rxb5 Bxe3+ 26. Qxe3 Qxb5 27. Bxd5
Qxd5 28. Re1 Rf6 29. g3 Qd2 30. Qxd2 cxd2 31. Rd1 d5 32. Rxd2 Rf8 1/2-1/2

[Event "6MCR_4D_1L_4S"]
[Site "?"]
[Date "2004.??.??"]
[Round "?"]
[White "Glaser, Karel"]
[Black "Nosek, Jaroslav"]
[Result "1/2-1/2"]
[WhiteElo "2104"]
[BlackElo "2266"]
[PlyCount "44"]
[EventDate "2004.??.??"]
[EventType "corr"]
[SourceDate "2004.06.03"]

1. e4 e6 2. d4 d5 3. Nc3 Nf6 4. e5 Nfd7 5. f4 c5 6. Nf3 Nc6 7. Be3 a6 8. Qd2 b5
9. dxc5 Bxc5 10. Bxc5 Nxc5 11. Qf2 Qb6 12. Bd3 Nb4 13. O-O Rb8 14. Be2 O-O 15.
a3 Nc6 16. b4 Nd7 17. Rae1 f6 18. Qxb6 Nxb6 19. Bd3 Bd7 20. Ne2 Rbc8 21. Ned4
Nxd4 22. Nxd4 Rc3 1/2-1/2

[Event "6MCR_4D_1L_4S"]
[Site "?"]
[Date "2004.??.??"]
[Round "?"]
[White "Glaser, Karel"]
[Black "Riha, Jan"]
[Result "0-1"]
[WhiteElo "2104"]
[BlackElo "2257"]
[PlyCount "74"]
[EventDate "2004.??.??"]
[EventType "corr"]
[SourceDate "2004.06.03"]

1. e4 e5 2. Nf3 Nf6 3. Nxe5 d6 4. Nf3 Nxe4 5. d4 d5 6. Bd3 Be7 7. O-O Nc6 8.
Re1 Bg4 9. c3 f5 10. Qb3 O-O 11. Nbd2 Na5 12. Qa4 Nc6 13. Bb5 Bh4 14. g3 Bf6
15. Bxc6 bxc6 16. Qxc6 Re8 17. Ne5 Bxe5 18. dxe5 Ng5 19. f4 Nh3+ 20. Kg2 Rb8
21. Qc5 Rb6 22. Rf1 g5 23. Qd4 gxf4 24. Nf3 fxg3 25. hxg3 f4 26. c4 dxc4 27.
Qxd8 Rxd8 28. gxf4 c3 29. b3 Rb4 30. Nh2 Bf5 31. Rf3 Rd1 32. Rxh3 Bxh3+ 33.
Kxh3 Rxf4 34. Bxf4 Rxa1 35. Kg4 c2 36. Nf3 c1=Q 37. Bxc1 Rxc1 0-1

[Event "6MCR_4D_1L_4S"]
[Site "?"]
[Date "2004.??.??"]
[Round "?"]
[White "Glaser, Karel"]
[Black "Sochor, Frantisek"]
[Result "1/2-1/2"]
[WhiteElo "2104"]
[BlackElo "2278"]
[PlyCount "46"]
[EventDate "2004.??.??"]
[EventType "corr"]
[SourceDate "2004.06.03"]

1. e4 c5 2. Nf3 d6 3. d4 cxd4 4. Nxd4 Nf6 5. Nc3 a6 6. Be3 Ng4 7. Bg5 h6 8. Bh4
g5 9. Bg3 Bg7 10. h3 Ne5 11. f3 Nbc6 12. Bf2 Nxd4 13. Bxd4 Be6 14. Qd2 Qa5 15.
a3 Rg8 16. h4 gxh4 17. f4 O-O-O 18. O-O-O Bf6 19. Qf2 Ng4 20. Qg1 Bxd4 21. Qxd4
Qc5 22. Qxc5+ dxc5 23. Re1 Kb8 1/2-1/2

[Event "6MCR_4D_1L_4S"]
[Site "?"]
[Date "2004.??.??"]
[Round "?"]
[White "Glaser, Karel"]
[Black "Tejkal, Jiri"]
[Result "1/2-1/2"]
[WhiteElo "2200"]
[BlackElo "2104"]
[PlyCount "86"]
[EventDate "2004.??.??"]
[EventType "corr"]
[SourceDate "2004.06.03"]

1. e4 c5 2. Nf3 Nc6 3. d4 cxd4 4. Nxd4 Nf6 5. Nc3 d6 6. Bg5 e6 7. Qd2 a6 8.
O-O-O Bd7 9. f3 Be7 10. Be3 b5 11. g4 Nxd4 12. Bxd4 b4 13. Ne2 e5 14. Be3 Qa5
15. Kb1 Be6 16. Nc1 O-O 17. g5 Nh5 18. Bd3 Rfc8 19. Rhg1 Qa4 20. Nb3 a5 21. f4
Nxf4 22. Bxf4 exf4 23. Qxf4 Rc5 24. h4 Re5 25. h5 Rf8 26. Qe3 f6 27. gxf6 Bxf6
28. h6 g6 29. Rdf1 Qc6 30. Rf4 Be7 31. Rxf8+ Bxf8 32. Rf1 Qe8 33. Nd4 Bf7 34.
Qf4 Rc5 35. Bb5 Qe7 36. b3 Rc7 37. Nc6 Qe8 38. Ba4 Qe6 39. Rf3 Qe8 40. Rf2 Qe6
41. Nxa5 Qe5 42. Qxe5 dxe5 43. Bb5 Rc5 1/2-1/2

[Event "6MCR_4D_1L_4S"]
[Site "?"]
[Date "2004.??.??"]
[Round "?"]
[White "Jordanek, Jiri"]
[Black "Alexa, Jaroslav"]
[Result "1/2-1/2"]
[WhiteElo "2110"]
[BlackElo "2341"]
[PlyCount "53"]
[EventDate "2004.??.??"]
[EventType "corr"]
[SourceDate "2004.06.03"]

1. e4 c5 2. Nf3 d6 3. d4 cxd4 4. Nxd4 Nf6 5. Nc3 a6 6. Be3 e5 7. Nb3 Be6 8. f3
Be7 9. Qd2 O-O 10. O-O-O Nbd7 11. g4 b5 12. g5 b4 13. gxf6 bxc3 14. Qxc3 Nxf6
15. Na5 Rc8 16. Nc6 Qc7 17. Nxe7+ Qxe7 18. Qa5 Rc6 19. Rg1 Rfc8 20. Kb1 d5 21.
Bg5 dxe4 22. fxe4 Kh8 23. Bd3 h6 24. Bh4 Bc4 25. Bxc4 Rxc4 26. Qxa6 R8c6 27.
Qa8+ 1/2-1/2

[Event "6MCR_4D_1L_4S"]
[Site "?"]
[Date "2004.??.??"]
[Round "?"]
[White "Jordanek, Jiri"]
[Black "Cakl, Zdenek"]
[Result "1/2-1/2"]
[WhiteElo "2110"]
[BlackElo "2139"]
[PlyCount "46"]
[EventDate "2004.??.??"]
[EventType "corr"]
[SourceDate "2004.06.03"]

1. e4 c5 2. Nf3 Nc6 3. d4 cxd4 4. Nxd4 Nf6 5. Nc3 d6 6. Bg5 e6 7. Qd2 Be7 8.
O-O-O Nxd4 9. Qxd4 O-O 10. f4 Qa5 11. Bc4 h6 12. Bh4 e5 13. fxe5 dxe5 14. Qd3
b5 15. Bxb5 Bg4 16. Bxf6 Bxf6 17. Rdf1 Be6 18. Bc4 Bxc4 19. Qxc4 Rab8 20. Rxf6
gxf6 21. Nd5 Kg7 22. Qc6 Qxa2 23. Qxf6+ Kg8 1/2-1/2

[Event "6MCR_4D_1L_4S"]
[Site "?"]
[Date "2004.??.??"]
[Round "?"]
[White "Jordanek, Jiri"]
[Black "Glaser, Karel"]
[Result "1-0"]
[WhiteElo "2110"]
[BlackElo "2107"]
[PlyCount "55"]
[EventDate "2004.??.??"]
[EventType "corr"]
[SourceDate "2004.06.03"]

1. e4 e5 2. Nf3 Nc6 3. Bb5 a6 4. Ba4 Nf6 5. O-O Be7 6. Re1 b5 7. Bb3 O-O 8. c3
d6 9. h3 Bb7 10. d4 Re8 11. Nbd2 Bf8 12. a4 exd4 13. cxd4 Nb4 14. Ng5 Re7 15.
axb5 axb5 16. Rxa8 Bxa8 17. Nxf7 Rxf7 18. Bxf7+ Kxf7 19. Qb3+ d5 20. e5 Ne8 21.
Ne4 Be7 22. h4 h6 23. Ng3 c5 24. Nf5 Nc6 25. dxc5 Bxc5 26. Qg3 Bb4 27. e6+ Kf8
28. Qg6 1-0

[Event "6MCR_4D_1L_4S"]
[Site "?"]
[Date "2004.??.??"]
[Round "?"]
[White "Jordanek, Jiri"]
[Black "Markytan, Vladislav"]
[Result "1/2-1/2"]
[WhiteElo "2110"]
[BlackElo "1900"]
[PlyCount "72"]
[EventDate "2004.??.??"]
[EventType "corr"]
[SourceDate "2004.06.03"]

1. e4 e6 2. d4 d5 3. Nd2 Nf6 4. e5 Nfd7 5. Bd3 c5 6. c3 Nc6 7. Ne2 cxd4 8. cxd4
f6 9. exf6 Nxf6 10. Nf3 Bd6 11. O-O Qc7 12. Bg5 O-O 13. Rc1 h6 14. Bh4 Qb6 15.
b3 Bd7 16. Bg3 Ba3 17. Rc2 Rad8 18. Nc3 Rc8 19. Nb5 Be7 20. Nh4 Be8 21. Nd6
Bxd6 22. Bxd6 Bh5 23. Qd2 Rfe8 24. Bc5 Qd8 25. Ng6 Ne4 26. Bxe4 dxe4 27. Nf4
Bg4 28. Qe3 e5 29. dxe5 Nxe5 30. Rc3 Nd3 31. h3 Bf5 32. Ne2 b6 33. Bd4 Rxc3 34.
Bxc3 Bg6 35. Nf4 Qc7 36. Bd2 Nxf4 1/2-1/2

[Event "6MCR_4D_1L_4S"]
[Site "?"]
[Date "2004.??.??"]
[Round "?"]
[White "Jordanek, Jiri"]
[Black "Postupa, Pavel"]
[Result "1-0"]
[WhiteElo "2110"]
[BlackElo "1992"]
[PlyCount "53"]
[EventDate "2004.??.??"]
[EventType "corr"]
[SourceDate "2004.06.03"]

1. e4 c5 2. Nf3 e6 3. d4 cxd4 4. Nxd4 a6 5. Bd3 Nf6 6. O-O Qc7 7. Qe2 d6 8. c4
g6 9. Nc3 Bg7 10. Rd1 O-O 11. Nf3 Nc6 12. h3 Nd7 13. Be3 b6 14. Rac1 Bb7 15.
Bb1 Nc5 16. Nd4 f5 17. Nxc6 Bxc3 18. Rxc3 Qxc6 19. Bh6 Rfe8 20. f3 fxe4 21.
fxe4 e5 22. Rf1 Ne6 23. Kh2 Nd4 24. Qf2 Qd7 25. a4 Qe7 26. a5 Bc8 27. axb6 1-0

[Event "6MCR_4D_1L_4S"]
[Site "?"]
[Date "2004.??.??"]
[Round "?"]
[White "Markytan, Vladislav"]
[Black "Martinec, Tomas"]
[Result "1/2-1/2"]
[WhiteElo "1900"]
[BlackElo "1800"]
[PlyCount "70"]
[EventDate "2004.??.??"]
[EventType "corr"]
[SourceDate "2004.06.03"]

1. d4 d5 2. c4 c6 3. e3 Nf6 4. Nf3 Bf5 5. cxd5 cxd5 6. Qb3 Qc7 7. Nc3 e6 8. Nh4
Be4 9. Bd2 Nc6 10. Nf3 a6 11. Ne5 Bd6 12. Rc1 O-O 13. f3 Bf5 14. Ne2 Nd7 15. g4
Bg6 16. Nxg6 fxg6 17. f4 Nf6 18. g5 Ne4 19. Qd1 Qe7 20. Nc3 Nxd2 21. Qxd2 Qd7
22. a3 Rac8 23. h4 Qf7 24. Be2 Na5 25. Qd3 Nc4 26. Rc2 Qf5 27. Nd1 b5 28. Bf1
a5 29. h5 b4 30. hxg6 hxg6 31. b3 Ne5 32. Qxf5 gxf5 33. Rxc8 Rxc8 34. a4 Nf3+
35. Ke2 Nh2 1/2-1/2